000 00263nam a22001097a 4500
008 240628b |||||||| |||| 00| 0 eng d
100 _aAdwani, Kalyan
_916131
245 _aRaj v Niyaj
260 _aBombay:
_bLok Seva Mandal;
_c1968.
300 _a65p.
942 _cBK
999 _c39793
_d39793